00682nam a2200241 a 4500001001300000003000900013005001700022008004100039020001100080082001600091100002300107245002900130260003800159300000800197500003500205505001300240650002200253700002300275902000800298942000700306952011200313999001500425nice12345678IN_TiNIC20260116011812.0050524s1967 aaza grp 000 0 urd  ac1.2500a297.63bSIR aSirajul Haqq, Mohd aWafat-E-Sarwar-E-Kaainat aAazam GarhbMiftahi Academyc1967 a96p aincludes index and biblioraphy2 aAppendix aMuhammad, Prophet1 aSirajul Haqq, Mohd bSRS cBK 001040708StackRoom-aHMIbHMId2007-07-10g1.25l0o297.63 SIRp05637r2007-07-10v1.25w2005-05-24yBK c4077d4077